| 000 | 00550nam a2200229Ia 4500 | ||
|---|---|---|---|
| 008 | 190123s9999 xx 000 0 und d | ||
| 020 | _a9780545227391 | ||
| 050 | _bP966 2009 | ||
| 100 | _aProsek, James | ||
| 245 | 0 | _aBird, butterfly,eel / | |
| 245 | 0 | _cby James Prosek. | |
| 260 | _aNew York, New York : | ||
| 260 | _bScholastic, | ||
| 260 | _c2009 | ||
| 300 | _aunpaged : | ||
| 300 | _bcolored illustrations ; | ||
| 300 | _c22cm. | ||
| 500 | _a1040L | ||
| 650 | _aMonarch butterfly -- | ||
| 650 | _xMigration. | ||
| 700 | _aTitle. | ||
| 999 |
_c361231 _d361231 |
||